Point of law. (Record no. 61029)

MARC details
000 -LEADER
fixed length control field 00661cam a2200181 4500
001 - CONTROL NUMBER
control field ABS61296
008 - FIXED-LENGTH DATA ELEMENTS--GENERAL INFORMATION
fixed length control field 000000n1999 000 0 eng u
035 ## - SYSTEM CONTROL NUMBER
System control number (Sirsi) u101931
100 ## - MAIN ENTRY--PERSONAL NAME
Personal name White, D.
245 ## - TITLE STATEMENT
Title Point of law.
260 ## - PUBLICATION, DISTRIBUTION, ETC.
Date of publication, distribution, etc. 1999
490 ## - SERIES STATEMENT
Series statement Surveyor
Volume/sequential designation 2 September 1999, 13(1)
520 ## - SUMMARY, ETC.
Summary, etc. Questions the effectiveness of the Highways Act 1959, which forms the basis of current highways legislation, because it does not give sufficient power to highway authorities.
650 ## - SUBJECT ADDED ENTRY--TOPICAL TERM
Topical term or geographic name entry element PROPERTY-INFRASTRUCTURE-TRANSPORT INFRASTRUCTURE-ROAD INFRASTRUCTURE
650 ## - SUBJECT ADDED ENTRY--TOPICAL TERM
Topical term or geographic name entry element LOCAL AUTHORITIES
690 ## - LOCAL SUBJECT ADDED ENTRY--TOPICAL TERM (OCLC, RLIN)
Topical term or geographic name as entry element TRANSPORT AND COMMUNICATIONS
942 ## - ADDED ENTRY ELEMENTS (KOHA)
Suppress in OPAC 0
Holdings
Withdrawn status Lost status Source of classification or shelving scheme Damaged status Not for loan Home library Current library Shelving location Date acquired Total Checkouts Full call number Barcode Date last seen Copy number Price effective from Koha item type
    Dewey Decimal Classification     London London Journal article 12/11/1999   ABS61296 101931-1001 06/08/2019 1 06/08/2019 Journal article